000 00622nam a2200229Ia 4500
005 20260429112015.0
008 260429s9999||||xx |||||||||||||| ||und||
020 _a9781032447940
041 _aEnglish
082 _a910.684
_bYAN
100 _aYang, Li
245 0 _aEthnic tourism :
_bimpacts, challenges and opportunities /
_cLi Yang
250 _a1st ed.
260 _aNew Delhi :
_bRoutledge,
_c2024.
300 _aviii, 230 p.; hb
650 _a Cultural tourism
650 _a Heritage studies
650 _a Tourism development
650 _aEthnic tourism
700 _a Wall, Geoffrey
942 _cTB
999 _c51857
_d51857